| 000 | 00788 a2200193 4500 | ||
|---|---|---|---|
| 001 | 29984 | ||
| 005 | 20260407155611.0 | ||
| 008 | 260407a1976 arg spa d | ||
| 003 | AR-UNSa-BCEJYS | ||
| 040 |
_aAR-UNSa-BCEJYS _bspa _cAR-UNSa-BCEJYS |
||
| 080 |
_a657.47 _xContabilidad de Costos |
||
| 245 | 1 | 0 | _aManual de costos y precios para la exportación |
| 264 | 1 |
_aBuenos Aires : _bCangallo _c1976 |
|
| 300 |
_a268 p. _c23 cm. |
||
| 505 | _a1. Introducción - 2. Cálculo de costos y precios - 3. Cálculo del ajuste compensador - 4. Casos prácticos para el cálculo de costos y precios - 5. Papeles de trabajo y normas complementarias - 6. Manual de costos y precios para la exportación | ||
| 942 | _cBK | ||
| 590 | _aniveau_biblio:m niveau_hierar:0 | ||
| 100 | 1 | _aFratalocchi, Aldo | |
| 999 |
_c1992 _d1992 |
||